History Quiz

Random History or Grab Bag Quiz

3 History Threesomes Quiz Stats

 Plays Quiz Updated Nov 26, 2016

Support Sporcle.
Go Orange.
Score 0/9 Timer 01:30
4 Plays Today
Hint Answer % Correct
Original Axis Powers in WWIIGermany
98.7%
Original Axis Powers in WWIIItaly
96.4%
Original Axis Powers in WWIIJapan
94.1%
Ships of Christopher ColumbusSanta María
86.2%
Ships of Christopher ColumbusPinta
81.1%
Ships of Christopher ColumbusNiña
78.8%
First Roman TriumvirateJulius Caesar
67%
First Roman TriumviratePompey the Great
24.2%
First Roman TriumvirateMarcus Crassus
19.1%

You're not logged in!

Compare scores with friends on all Sporcle quizzes.
OR
Log In
Remove Ads.
Support Sporcle.
Get the best of Sporcle when you Go Orange. This ad-free experience offers more features, more stats, and more fun while also helping to support Sporcle. Thank you for becoming a member.

Show Comments

Extras

Top Quizzes Today


Score Distribution

Your Account Isn't Verified!

In order to create a playlist on Sporcle, you need to verify the email address you used during registration. Go to your Sporcle Settings to finish the process.

Report this User

Report this user for behavior that violates our Community Guidelines.

Details: